000 01226cam a2200373 a 4500
001 2156
003 FISKH
005 20231110095142.0
008 031204s2005 nyuab b 000 1 eng
010 _a 2003026515
020 _a0375824812 (trade)
020 _a9780439785518
020 _a0375924817 (lib. bdg)
040 _aDLC
_cDLC
_dDLC
_beng
042 _alcac
050 0 0 _aPZ7.R8139
_bXed 2005
082 0 0 _a[Fic]
_222
100 1 _aRoy, Ron,
_d1940-
245 1 4 _aThe x'ed-out x-ray /
_cby Ron Roy ; illustrated by John Steven Gurney.
260 _aNew York :
_bScholastic,
_c2005.
300 _a85 pages ;
_billustrations ; map ;
_c20 cm
490 1 _aA to Z mysteries
505 _aO
520 _aRuth Rose, Josh, and Dink attend a concert during which someone steals the star's diamond pendant, and they are soon on the trail of the thief.
521 0 _a640
_bLexile
521 1 _aO
_bRaz-Plus
650 1 _aRobbers and outlaws
_vFiction.
650 1 _aMusicians
_vFiction.
650 1 _aConcerts
_vFiction.
650 1 _aMystery and detective stories.
700 1 _aGurney, John Steven,
_d1962-
_eillustrator
906 _a7
_bcbc
_corignew
_d1
_eecip
_f20
_gy-gencatlg
942 _2ddc
_cBK
_n0
999 _c2156
_d2156